| 000 | 00989cam a22002895a 4500 | ||
|---|---|---|---|
| 001 | 13599820 | ||
| 005 | 20201128021306.0 | ||
| 008 | 040520t2004 enka frb 001 0 eng d | ||
| 020 | _a1843768909 | ||
| 020 | _a9781843768906 | ||
| 040 |
_aDLC _beng _cDLC _dEG-ScBUE |
||
| 082 | 0 | 4 |
_a338.04 _bENT _222 |
| 245 | 1 | 0 |
_aEntrepreneurship and regional economic development : _ba spatial perspective / _cedited by Henri L.F. de Groot, Peter Nijkamp, Roger R. Stough. |
| 260 |
_aCheltenham ; _aNorthhampton : _bEdward Elgar, _cc.2004. |
||
| 300 |
_aix, 352 p. : _bill. ; _c24 cm. |
||
| 500 | _aIndex : p. 347-352. | ||
| 504 | _aIncludes bibliographical references. | ||
| 650 | 0 |
_aEntrepreneurship. _2BUEsh |
|
| 650 | 0 |
_aRegional planning. _2BUEsh |
|
| 651 | _2BUEsh | ||
| 653 |
_bBUSECO _cJune2015 |
||
| 655 |
_vreading book _934232 |
||
| 700 | 1 |
_aGroot, Henri L. F. de, _eeditor. |
|
| 700 | 1 |
_aNijkamp, Peter, _eeditor. |
|
| 700 | 1 |
_aStough, Roger, _92239 _eeditor. |
|
| 942 |
_2ddc _k338.04 ENT |
||
| 999 |
_c19594 _d19566 |
||